[Event "Match"]
[Site "www.echecsemail.com"]
[Date "2016.10.14"]
[Round "1"]
[White "Orae"]
[Black "Gambitmiau"]
[WhiteElo "1810"]
[BlackElo "1850"]
[Result "0-1"]
[Round "1"]
1.e4 Nb8c6
2.Bf1c4 e6
3.Ng1f3 d5
4.exd5 exd5
5.Qd1e2 Bc8e6
6.Bc4b5 Ng8e7
7.O-O Qd8d6
8.Rf1e1 Ne7f5
9.d4 O-O-O
10.Bb5xc6 Qd6xc6
11.Nf3e5 Qc6b6
12.c3 f6
13.Ne5f3 Rd8e8
14.b4 Bf8d6
15.Bc1e3 g5
 { time }
0-1

[Event "Match"]
[Site "www.echecsemail.com"]
[Date "2016.10.14"]
[Round "1"]
[White "Libiesse"]
[Black "Raulazo"]
[WhiteElo "1950"]
[BlackElo "1910"]
[Result "1-0"]
[Round "1"]
1.d4 d5
2.c4 dxc4
3.Nb1c3 Ng8f6
4.Ng1f3 Bc8g4
5.e3 Bg4xf3
6.Qd1xf3 c6
7.Bf1xc4 g6
8.O-O Bf8g7
9.b3 O-O
10.Bc1b2 b5
11.Nc3xb5 Nb8a6
12.Nb5c3 Qd8c7
13.Rf1c1 Na6b4
14.Nc3a4 h5
15.Bc4b5 c5
16.Rc1xc5 Qc7d6
17.a3 Nb4d5
18.Ra1c1 Nf6g4
19.g3 e6
20.h3 Ng4h6
21.Bb5c4 Nd5b6
22.Rc5c6 Qd6d7
23.Na4xb6 axb6
24.Rc6xb6 e5
25.Rb6xg6 Kh7
26.Rg6c6 Ra8e8
27.Bc4d3 Kh8
28.Qf3xh5 f6
29.Qh5g6 Kg8
30.Qg6h7 Kf7
31.Rc6c7 Rf8h8
32.Qh7g6 Ke7
33.Rc7xd7 { resign }
1-0

[Event "Match"]
[Site "www.echecsemail.com"]
[Date "2016.10.14"]
[Round "1"]
[White "Roohbakhsh"]
[Black "Karlgrocer"]
[WhiteElo "1499"]
[BlackElo "2020"]
[Result "1/2-1/2"]
[Round "1"]
1.d4 d5
2.c4 c6
3.Nb1c3 Ng8f6
4.Ng1f3 e6
5.Bc1g5 Bf8e7
6.e3 O-O
7.Bf1d3 dxc4
8.Bd3xc4 Nf6d5
9.Bg5xe7 Qd8xe7
10.O-O a6
11.e4 Nd5xc3
12.bxc3 b5
13.Bc4d3 Bc8b7
14.Qd1c2 g6
15.e5 Nb8d7
16.Nf3d2 c5
17.dxc5 Nd7xc5
18.Nd2e4 Nc5xe4
19.Bd3xe4 Bb7xe4
20.Qc2xe4 Rf8c8
21.Rf1c1 Ra8a7
22.g3 Rc8c4
23.Qe4e3 Ra7c7
24.Ra1b1 Qe7a3
25.Qe3d2 Rc4xc3
26.Rc1xc3 Qa3xc3
27.Qd2d8 Kg7
28.Qd8f6 Kg8
29.Qf6d8 Kg7
30.Qd8f6 Kg8
31.Qf6d8 Kg7
32.Qd8f6 Kg8
33.Qf6d8 Kg7
34.Qd8f6 Kg8
35.Qf6d8 Kg7
{ draw }
1/2-1/2

[Event "Match"]
[Site "www.echecsemail.com"]
[Date "2016.10.14"]
[Round "1"]
[White "Libiesse"]
[Black "Genius5"]
[WhiteElo "1990"]
[BlackElo "1620"]
[Result "1-0"]
[Round "1"]
1.d4 e6
2.c4 d5
3.Ng1f3 dxc4
4.Nb1c3 a6
5.Qd1a4 Nb8d7
6.Qa4xc4 Nd7b6
7.Qc4b3 Ng8f6
8.Bc1g5 Bf8e7
9.e3 O-O
10.Ra1c1 Nf6d5
11.Bg5xe7 Qd8xe7
12.Bf1e2 c6
13.O-O Ra8b8
14.a3 Nd5xc3
15.Rc1xc3  { time }
1-0

[Event "Match"]
[Site "www.echecsemail.com"]
[Date "2016.10.14"]
[Round "1"]
[White "Fangshuo"]
[Black "Genius5"]
[WhiteElo "2100"]
[BlackElo "1620"]
[Result "1-0"]
[Round "1"]
1.e4 c6
2.Ng1f3 d5
3.e5 Bc8g4
4.h3 Bg4xf3
5.Qd1xf3 e6
6.d4 Nb8d7
7.b3 f6
8.Bc1b2 Ng8e7
9.Nb1d2 Ne7g6
10.Qf3h5 fxe5
11.dxe5 Bf8c5
12.Bf1d3 O-O
13.O-O  { time }
1-0

[Event "Tourn. n8883"]
[Site "www.chess-mail.com"]
[Date "2016.10.15"]
[Round "1"]
[White "Azulmarino"]
[Black "Billyg"]
[WhiteElo "1640"]
[BlackElo "1600"]
[Result "1/2-1/2"]
[Round "1"]
1.e4 e6
2.d4 Bf8b4
3.c3 Bb4a5
4.Bc1f4 d6
5.b4 Ba5b6
6.Bf1c4 d5
7.exd5 Qd8e7
8.Ng1f3 f6
9.O-O Nb8d7
10.Rf1e1 Qe7f8
11.dxe6 g5
12.exd7 Kxd7
13.Bc4e6 Kd8
14.Qd1b3 gxf4
15.Qb3d5 Qf8d6
16.Qd5xd6 cxd6
17.Be6d5 Ng8e7
18.Bd5c4 d5
19.Bc4b5 a6
20.Bb5d3 a5
21.Nb1a3 Bc8f5
22.Bd3xf5 Ne7xf5
23.Na3b5 Rh8e8
24.Re1f1 Ra8c8
25.a4 Rc8a8
26.Rf1e1 Re8xe1
27.Ra1xe1 axb4
28.cxb4 Ra8xa4
29.Re1b1 Ra4a2
30.g3 fxg3
31.hxg3 h5
32.Kg2 Nf5h6
33.Nb5d6 Nh6g4
34.Rb1e1 Ra2xf2
35.Kg1 Rf2xf3
36.Kg2 Rf3d3
37.Nd6xb7 Kc7
38.Re1e7 Kb8
39.Nb7d6 Ng4e3
40.Kf2 Bb6c7
41.Nd6b5 Bc7b6
42.Nb5d6 Bb6xd4
43.Ke2 Rd3b3
44.b5 Ne3c4
45.Nd6f5 Bd4e5
46.Re7e8 { draw }
1/2-1/2

[Event "Tourn. n8932"]
[Site "www.chess-mail.com"]
[Date "2016.10.15"]
[Round "1"]
[White "Manuelito"]
[Black "Bjonil60"]
[WhiteElo "1499"]
[BlackElo "1440"]
[Result "1-0"]
[Round "1"]
1.d4 d5
2.e3 e6
3.Ng1f3 Qd8e7
4.Bf1e2 Nb8c6
5.O-O h6
6.c4 Ng8f6
7.Nb1c3 a6
8.cxd5 Nc6a7
9.dxe6 Qe7xe6
10.a3 c6
11.b4 b5
12.Bc1b2 g6
13.Qd1c2 g5
14.Rf1d1 Bf8d6
15.e4 Nf6d7
16.e5 Bd6c7
17.Bb2c1 g4
18.Nf3h4 h5
19.g3 O-O
20.Nh4f5 Bc8b7
21.Nc3e4 Kh8
22.Ne4g5 Qe6d5
23.Nf5e7 Qd5e6
24.Qc2h7 
1-0

[Event "Tourn. n9011"]
[Site "www.chess-mail.com"]
[Date "2016.10.15"]
[Round "1"]
[White "Joseph1983"]
[Black "Norlavuaram"]
[WhiteElo "2130"]
[BlackElo "2220"]
[Result "1-0"]
[Round "1"]
1.e4 e5
2.Ng1f3 Nb8c6
3.Bf1b5 a6
4.Bb5a4 Ng8f6
5.O-O Bf8e7
6.Rf1e1 b5
7.Ba4b3 O-O
8.c3 d6
9.h3 Nc6b8
10.d4 Nb8d7
11.Nb1d2 c5
12.Nd2f1 g6
13.Bc1h6 Rf8e8
14.Qd1d2 c4
15.Bb3c2 Be7f8
16.Bh6xf8 Re8xf8
17.Ra1d1 Qd8c7
18.Qd2h6 Nf6h5
19.Nf3g5 Nd7f6
20.Nf1g3 Nh5f4
21.Ng3e2 Nf4e6
22.Ng5f3 Bc8b7
23.d5 Ne6g7
24.Nf3g5 Ra8e8
25.Ne2g3 Re8e7
26.Re1e3 Ng7e8
27.Rd1e1 Bb7c8
28.Re3f3 Qc7a7
29.Re1e3 a5
30.Rf3xf6 Ne8xf6
31.Ng3h5 gxh5
32.Re3g3 { resign }
1-0

[Event "Tourn. n8943"]
[Site "www.chess-mail.com"]
[Date "2016.10.15"]
[Round "1"]
[White "Bigrezi"]
[Black "Bojan"]
[WhiteElo "1850"]
[BlackElo "1890"]
[Result "1-0"]
[Round "1"]
1.e4 e5
2.Ng1f3 Nb8c6
3.d4 exd4
4.Nf3xd4 Nc6xd4
5.Qd1xd4 b6
6.Nb1c3 Bc8b7
7.a3 h6
8.Bf1d3 Bf8c5
9.Qd4xg7 Qd8f6
10.Qg7xf6 Ng8xf6
11.Bc1f4 O-O-O
12.f3 Nf6h5
13.Bf4d2 Rh8g8
14.g4 Nh5g7
15.O-O-O h5
16.Bd2g5 Rd8e8
17.Bg5f6 hxg4
18.fxg4 Ng7e6
19.h3 Bc5e3
20.Kb1 Ne6c5
21.Bd3c4 Nc5xe4
22.Nc3xe4 Re8xe4
23.Bc4d3 Re4f4
24.Rh1e1 Be3f2
25.Bf6e5 Rf4a4
26.Re1f1 Bb7f3
27.Rd1d2 Bf2e3
28.Rd2h2 Bf3d5
29.Rh2e2 Be3g5
30.Be5g3 f6
31.Rf1e1 Kd8
32.Bd3f5 Ra4d4
33.Bg3f2 Rd4d2
34.Re2xd2 Bg5xd2
35.Re1d1 Bd5g2
36.Rd1xd2 d6
37.h4 Bg2f3
38.Rd2d4 Ke7
39.Rd4f4 Bf3c6
40.h5 Kf7
41.Bf2d4 Kg7
42.Bf5g6 Rg8f8
43.g5 { resign }
1-0

[Event "Tourn. n8986"]
[Site "www.chess-mail.com"]
[Date "2016.10.15"]
[Round "1"]
[White "Malbertan"]
[Black "Amaya"]
[WhiteElo "2030"]
[BlackElo "2090"]
[Result "1/2-1/2"]
[Round "1"]
1.e4 e6
2.d4 d5
3.Nb1c3 Bf8b4
4.a3 Bb4xc3
5.bxc3 Ng8e7
6.Qd1g4 c5
7.Qg4xg7 Rh8g8
8.Qg7xh7 Qd8c7
9.Bf1b5 Bc8d7
10.Bb5xd7 Nb8xd7
11.Ng1e2 cxd4
12.exd5 dxc3
13.dxe6 fxe6
14.Qh7d3 Rg8xg2
15.Bc1f4 e5
16.Bf4g3 Qc7c6
17.Qd3xc3 Qc6e4
18.Qc3d3 Qe4c6
19.Ra1d1 Rg2xg3
20.Qd3xd7 Qc6xd7
21.Rd1xd7 Kxd7
22.hxg3 Ra8c8
23.Kd2 Ne7d5
24.g4 Rc8f8
25.Rh1h2 a5
26.g5 b5
27.Ne2c3 Kc6
28.Nc3xd5 Kxd5
29.g6 Rf8g8
30.Rh2g2 Rg8g7
31.Kd3 Ke6
32.Ke4 Kf6
33.Rg2g3 b4
34.axb4 axb4
35.Rg3f3 Ke6
36.Rf3f8 Rg7xg6
37.Rf8e8 Kd6
38.Re8xe5 Rg6g4
39.Kf5 Rg4c4
40.Re5e2 Kd5
41.Re2d2 Kc5
42.f4 Rc4d4
43.Rd2xd4 Kxd4
44.Ke6 Kc3
45.f5 Kxc2
{ draw }
1/2-1/2

[Event "Tourn. n8912"]
[Site "www.chess-mail.com"]
[Date "2016.10.15"]
[Round "1"]
[White "Faerieking"]
[Black "Rons"]
[WhiteElo "2220"]
[BlackElo "2500"]
[Result "0-1"]
[Round "1"]
1.e4 c5
2.Ng1f3 d6
3.d4 cxd4
4.Nf3xd4 Ng8f6
5.Nb1c3 a6
6.Bc1g5 e6
7.f4 Qd8b6
8.Qd1d2 Qb6xb2
9.Ra1b1 Qb2a3
10.e5 dxe5
11.fxe5 Nf6d7
12.Nc3e4 h6
13.Bg5h4 Qa3xa2
14.Rb1d1 Qa2d5
15.Qd2e3 Qd5xe5
16.Bf1e2 Bf8c5
17.Bh4g3 Bc5xd4
18.Rd1xd4 Qe5a5
19.Rd4d2 O-O
20.O-O { time. }
0-1

[Event "Tourn. n8969"]
[Site "www.chess-mail.com"]
[Date "2016.10.15"]
[Round "1"]
[White "Mao"]
[Black "Cal"]
[WhiteElo "1650"]
[BlackElo "1670"]
[Result "1-0"]
[Round "1"]
1.e4 e5
2.Ng1f3 d6
3.d4 exd4
4.Nf3xd4 h6
5.Nb1c3 Ng8f6
6.Bc1f4 c5
7.Nd4f3 Bf8e7
8.Bf1b5 Bc8d7
9.Bf4xd6 Bd7xb5
10.Bd6xe7 Qd8xd1
11.Ra1xd1 Kxe7
12.Nc3xb5 Nb8c6
13.e5 Nc6a5
14.exf6 Kxf6
15.O-O a6
16.Nb5c7 Ra8c8
17.Nc7d5 Kg6
18.Nd5e7 Kh7
19.Ne7xc8 Rh8xc8
20.Rd1d7 b5
21.Rd7xf7 Na5c4
22.b3 Nc4d6
23.Rf7a7 Rc8c6
24.Nf3e5 Rc6b6
25.Ne5d7 Rb6c6
26.Rf1d1 c4
27.Nd7e5 Rc6b6
28.Ra7d7 Nd6f5
29.g4 Nf5h4
30.Rd7d6 Rb6xd6
31.Rd1xd6 a5
32.Rd6b6 g5
33.Rb6xb5 { resign }
1-0

[Event "Tourn. n8871"]
[Site "www.chess-mail.com"]
[Date "2016.10.15"]
[Round "1"]
[White "Azulmarino"]
[Black "Olddog55"]
[WhiteElo "1580"]
[BlackElo "1740"]
[Result "0-1"]
[Round "1"]
1.e4 e5
2.Ng1f3 Nb8c6
3.Nb1c3 Bf8d6
4.Bf1c4 Qd8e7
5.Nc3d5 Qe7e6
6.Nd5xc7 Bd6xc7
7.Bc4xe6 dxe6
8.c3 Ng8f6
9.h3 Bc7b6
10.d3 O-O
11.Bc1g5 Nf6d7
12.g4 f6
13.Bg5e3 Bb6c5
14.d4 Bc5b6
15.dxe5 fxe5
16.Qd1d6 Rf8xf3
17.O-O Nd7f6
18.Kg2 Nf6xe4
19.Qd6d3 Ne4c5
20.Qd3e2 Rf3f6
21.Be3g5 Rf6g6
22.b4 Nc5a4
23.Qe2f3 Rg6xg5
24.b5 Nc6e7
25.Qf3g3 Bb6a5
26.c4 Ba5c3
27.Ra1d1 Bc3d4
28.Qg3a3 Na4c5
29.f4 Rg5g6
30.fxe5 Ne7f5
31.Rf1xf5 exf5
32.Kf3 Nc5e6
33.gxf5 Bd4c5
34.Qa3c3 Ne6g5
35.Kg3 Ng5e4
36.Kf4 Ne4xc3
37.Rd1d2 Rg6g1
38.e6 Bc5e7
39.a4 Be7g5
40.Ke5 Bg5xd2
41.e7 Kf7
{ resign }
0-1

[Event "Tourn. n8965"]
[Site "www.chess-mail.com"]
[Date "2016.10.15"]
[Round "1"]
[White "Genius5"]
[Black "Attatroll"]
[WhiteElo "1620"]
[BlackElo "1850"]
[Result "0-1"]
[Round "1"]
1.e4 d6
2.d4 Ng8f6
3.Nb1c3 g6
4.g3 Bf8g7
5.Bf1g2 c6
6.Ng1e2 O-O
7.O-O b5
8.Nc3xb5 Bc8b7
9.Nb5c3 Bb7a6
10.Rf1e1 Nb8d7
11.h3 e5
12.dxe5 Nd7xe5
13.b3 Nf6h5
14.Ne2f4 Nh5xf4
15.Bc1xf4 Ne5f3
16.Qd1xf3 { time. }
0-1

[Event "Tourn. n8978"]
[Site "www.chess-mail.com"]
[Date "2016.10.15"]
[Round "1"]
[White "Cal"]
[Black "Redabond"]
[WhiteElo "1670"]
[BlackElo "1680"]
[Result "0-1"]
[Round "1"]
1.c4 d5
2.c5 e6
3.d4 Ng8f6
4.Nb1c3 Nb8c6
5.h3 Nf6e4
6.Nc3xe4 dxe4
7.e3 Bf8e7
8.a3 O-O
9.Bf1c4 e5
10.d5 Nc6a5
11.Bc4a2 Be7xc5
12.b4 Bc5xb4
13.Bc1d2 Bb4xd2
14.Qd1xd2 c6
15.d6 Bc8e6
16.Ba2b1 Na5b3
17.Qd2c3 Nb3xa1
18.Qc3xa1 Qd8xd6
19.Bb1xe4 Rf8d8
20.Qa1c1 f5
21.Be4f3 e4
22.Bf3h5 g6
23.Bh5e2 Rd8d7
24.f3 Ra8d8
25.Kf2 Qd6d2
26.Qc1a1 Rd7d5
27.f4 Rd5c5
28.g4 Rc5c1
29.Qa1e5 Be6c4
30.gxf5 Bc4xe2
31.Qe5e6 Kg7
32.Qe6e7 Kh6
33.Qe7g5 Kg7
34.Ng1xe2 Rc1xh1
35.f6 Kf7
36.Qg5g2 Qd2e1
{ resign }
0-1

[Event "Match"]
[Site "www.echecsemail.com"]
[Date "2016.10.15"]
[Round "1"]
[White "Pare123"]
[Black "Raulazo"]
[WhiteElo "1950"]
[BlackElo "1910"]
[Result "1-0"]
[Round "1"]
1.c4 e5
2.Nb1c3 Ng8f6
3.e4 Bf8c5
4.h3 Nb8c6
5.Ng1f3 h6
6.a3 O-O
7.b4 Bc5d4
8.Nf3xd4 exd4
9.Nc3e2 Nf6xe4
10.b5 Nc6a5
11.d3 Ne4c3
12.Ne2xc3 dxc3
13.Bf1e2 Qd8f6
14.Ra1a2 Rf8e8
15.Qd1a4 b6
16.O-O Re8e5
17.Be2f3 Bc8b7
18.Bf3xb7 Na5xb7
19.Bc1e3 d5
20.Be3d4 Nb7c5
21.Qa4c2 dxc4
22.dxc4 Nc5e4
23.f3 Ne4d2
24.Bd4xe5 Qf6xe5
25.Rf1c1 Qe5e3
26.Kh1 Ra8d8
27.Qc2xc3 Rd8d3
28.Qc3c2 Nd2xf3
29.gxf3 Qe3xf3
30.Qc2g2 Qf3xh3
31.Qg2xh3 Rd3xh3
32.Kg2 Rh3h4
33.c5 Rh4g4
34.Kf3 f5
35.cxb6 cxb6
36.a4 g5
37.a5 Rg4f4
38.Ke3 Rf4e4
39.Kd3 Kf7
40.axb6 axb6
41.Rc1c6 h5
42.Ra2a7 Kf8
43.Rc6f6 Ke8
44.Rf6xf5 Re4g4
45.Ke3 h4
46.Rf5f7 Rg4g3
47.Kf2 Rg3b3
48.Rf7h7 Rb3b2
49.Kf3 Rb2b3
50.Kg4 Rb3b4
51.Kh5 { resign }
1-0

[Event "Match"]
[Site "www.echecsemail.com"]
[Date "2016.10.15"]
[Round "1"]
[White "Billyg"]
[Black "Genius2"]
[WhiteElo "1670"]
[BlackElo "1720"]
[Result "1-0"]
[Round "1"]
1.e4 g6
2.d4 Bf8g7
3.e5 d6
4.Bc1f4 dxe5
5.Bf4xe5 Ng8f6
6.h3 O-O
7.Nb1c3 Nb8c6
8.Ng1f3 Nf6d5
9.Nc3xd5 Qd8xd5
10.c4 Qd5a5
11.Nf3d2 Nc6xe5
12.dxe5 Qa5xe5
{ time. }
1-0

[Event "Match"]
[Site "www.echecsemail.com"]
[Date "2016.10.15"]
[Round "1"]
[White "Pariolinius"]
[Black "Orae"]
[WhiteElo "1800"]
[BlackElo "1790"]
[Result "1-0"]
[Round "1"]
1.d4 d5
2.Ng1f3 Ng8f6
3.Bc1f4 Bc8g4
4.e3 g6
5.Bf1e2 Bg4f5
6.O-O a6
7.c4 Bf8g7
8.Nb1c3 O-O
9.cxd5 Rf8e8
10.Ra1c1 Bf5e4
11.Nc3xe4 Nf6xe4
12.Be2d3 Ne4d6
13.Qd1d2 Nb8d7
14.Nf3e5 Bg7xe5
15.dxe5 Nd6c8
16.Qd2c3 e6
17.d6 c6
18.Bf4g3 Nc8b6
19.b3 Nb6d5
20.Qc3b2 Nd5b4
21.Bd3b1 a5
22.a3 Nb4d5
23.Qb2d4 Qd8g5
24.h4 Qg5h5
25.Bb1c2 c5
26.Qd4d3 Nd7xe5
27.Qd3e2  { time }
1-0

[Event "Match"]
[Site "www.echecsemail.com"]
[Date "2016.10.15"]
[Round "1"]
[White "Caspito"]
[Black "Sonny1000"]
[WhiteElo "1770"]
[BlackElo "1360"]
[Result "1-0"]
[Round "1"]
1.e4 e5
2.Ng1f3 f6
3.d4 Bf8b4
4.c3 Bb4a5
5.Bf1c4 Ng8e7
6.O-O d5
7.Qd1a4 Nb8c6
8.exd5 Ne7xd5
9.Bc4b5 Bc8d7
10.Bb5xc6 Bd7xc6
11.Qa4xa5 b6
12.Qa5a6 b5
13.Qa6xc6 Kf7
14.dxe5 a5
15.e6 Ke7
16.Rf1e1 a4
17.Qc6c5 Qd8d6
18.Qc5xd6 cxd6
19.Nf3d4 Ra8c8
20.Nd4f5 Kf8
21.e7 Nd5xe7
22.Nf5xe7 Rc8e8
23.Bc1f4 Re8xe7
24.Bf4xd6 Kf7
25.Re1xe7 Kf8
26.Nb1a3 g5
27.Ra1d1 h5
28.Bd6b4 { resign }
1-0

[Event "Match"]
[Site "www.echecsemail.com"]
[Date "2016.10.15"]
[Round "1"]
[White "Llord"]
[Black "Genius2"]
[WhiteElo "1860"]
[BlackElo "1720"]
[Result "1-0"]
[Round "1"]
1.e4 c6
2.d4 d5
3.e5 Bc8f5
4.Ng1f3 e6
5.Bc1g5 Bf8e7
6.Bg5xe7 Ng8xe7
7.Bf1d3 O-O
8.Nf3h4 Bf5xd3
9.Qd1xd3 Nb8d7
10.Nb1d2 Ne7g6
11.Nh4xg6 hxg6
{ time. }
1-0

[Event "Match"]
[Site "www.echecsemail.com"]
[Date "2016.10.15"]
[Round "1"]
[White "Genius2"]
[Black "Karlgrocer"]
[WhiteElo "1720"]
[BlackElo "2020"]
[Result "0-1"]
[Round "1"]
1.e4 c5
2.Nb1c3 d6
3.Ng1f3 Ng8f6
4.Bf1b5 Bc8d7
5.Bb5xd7 Nb8xd7
6.d4 cxd4
7.Nf3xd4 e6
8.O-O Bf8e7
9.Rf1e1 O-O
10.Bc1e3 a6
11.h3 { time. }
0-1

[Event "Match"]
[Site "www.echecsemail.com"]
[Date "2016.10.15"]
[Round "1"]
[White "Markos123"]
[Black "Menace"]
[WhiteElo "1880"]
[BlackElo "2250"]
[Result "0-1"]
[Round "1"]
1.e4 d5
2.d4 dxe4
3.Bc1e3 Ng8f6
4.Bf1e2 Nb8c6
5.Qd1d2 Bc8g4
6.h3 Bg4xe2
7.Ng1xe2 e6
8.O-O Bf8e7
9.a3 O-O
10.Ne2g3 b5
11.Qd2c3 Qd8d7
12.Nb1d2 Ra8d8
13.Nd2xe4 a6
14.Ra1d1 Nf6xe4
15.Ng3xe4 Qd7d5
16.Ne4c5 Rd8a8
17.Rd1a1 Rf8d8
18.b4 Be7h4
19.f3 Nc6e7
20.Be3f4 c6
21.Kh1 Ne7f5
22.Rf1d1 Bh4g3
23.Bf4xg3 Nf5xg3
24.Kh2 Ng3f5
25.g4 Nf5h4
26.Rd1f1 Qd5xd4
27.Qc3xd4 Rd8xd4
28.Kg3 Nh4g6
29.Ra1d1 Rd4xd1
30.Rf1xd1 a5
31.Rd1a1 axb4
32.a4 h6
33.a5 Ng6e7
34.a6 Ne7d5
35.Ra1c1 Nd5c3
36.f4 Nc3e2
37.Kh4 Ne2xc1
38.g5 hxg5
39.fxg5 Nc1e2
40.Kg4 Ne2d4
41.h4 Nd4xc2
42.Kf4 Ra8xa6
43.Nc5xa6 b3
44.g6 b2
45.gxf7 Kxf7
46.Kg5 b1Q
47.Na6c7 Qb1g1
48.Kf4 Qg1e3
49.Kg4 { time. }
0-1

[Event "Match"]
[Site "www.echecsemail.com"]
[Date "2016.10.15"]
[Round "1"]
[White "Micheles"]
[Black "Genius5"]
[WhiteElo "2570"]
[BlackElo "1620"]
[Result "1-0"]
[Round "1"]
1.d4 d5
2.Ng1f3 Ng8f6
3.Bc1g5 Nb8d7
4.Nb1d2 g6
5.e3 Bf8g7
6.Bf1e2 O-O
7.O-O b6
8.c3 Bc8b7
9.b4 a5
{ time. }
1-0

[Event "Match"]
[Site "www.echecsemail.com"]
[Date "2016.10.15"]
[Round "1"]
[White "Pinehill"]
[Black "Genius5"]
[WhiteElo "2050"]
[BlackElo "1620"]
[Result "1-0"]
[Round "1"]
1.e4 e5
2.d4 exd4
3.Bf1c4 Ng8f6
4.e5 d5
5.Bc4b5 Nf6d7
6.Qd1xd4 c6
7.Bb5d3 Bf8c5
8.Qd4f4 Qd8e7
9.Ng1f3 O-O
10.O-O f6
11.exf6 Qe7xf6
12.Qf4g3 Nd7b6
13.Nb1c3 Bc8f5
14.Bd3xf5 Qf6xf5
{ time. }
1-0

[Event "Match"]
[Site "www.echecsemail.com"]
[Date "2016.10.15"]
[Round "1"]
[White "Paco"]
[Black "Osvalazo"]
[WhiteElo "1920"]
[BlackElo "1690"]
[Result "1/2-1/2"]
[Round "1"]
1.e4 e5
2.Ng1f3 Nb8c6
3.Bf1c4 h6
4.d4 Bf8d6
5.d5 Nc6e7
6.b4 Bd6xb4
7.Bc1d2 Bb4c5
8.Nf3xe5 d6
9.Ne5d3 Ng8f6
10.Nb1c3 O-O
11.O-O Bc8g4
12.Qd1b1 Bc5d4
13.h3 Bg4h5
14.g4 Bh5xg4
15.Nd3f4 g5
16.hxg4 Qd8c8
17.Nf4e6 fxe6
18.dxe6 Nf6xg4
19.Nc3d5 Ng4xf2
20.Nd5xe7 Kh8
21.Ne7xc8 { draw }
1/2-1/2

[Event "Match"]
[Site "www.echecsemail.com"]
[Date "2016.10.15"]
[Round "1"]
[White "Genius2"]
[Black "Pinehill"]
[WhiteElo "1720"]
[BlackElo "2050"]
[Result "0-1"]
[Round "1"]
1.Nb1c3 Ng8f6
2.e4 e5
3.g3 b6
4.Bf1g2 Bc8b7
5.Ng1e2 Bf8e7
6.O-O O-O
7.d4 exd4
8.Ne2xd4 Rf8e8
9.Rf1e1 c5
10.Nd4f5 Nb8c6
11.Nf5xe7 { time. }
0-1

[Event "Match"]
[Site "www.echecsemail.com"]
[Date "2016.10.15"]
[Round "1"]
[White "Libiesse"]
[Black "Genius2"]
[WhiteElo "2020"]
[BlackElo "1720"]
[Result "1-0"]
[Round "1"]
1.d4 f5
2.c4 Ng8f6
3.Ng1f3 e6
4.Nb1c3 Bf8b4
5.Bc1g5 Bb4xc3
6.bxc3 O-O
7.e3 b6
8.Bf1e2 Bc8b7
9.O-O d6
10.Ra1b1 Qd8e8
11.Bg5xf6 Rf8xf6
12.c5 dxc5
{ time. }
1-0

[Event "Match"]
[Site "www.echecsemail.com"]
[Date "2016.10.15"]
[Round "1"]
[White "Add"]
[Black "Genius2"]
[WhiteElo "2090"]
[BlackElo "1720"]
[Result "1-0"]
[Round "1"]
1.e4 d5
2.exd5 Qd8xd5
3.Nb1c3 Qd5a5
4.Ng1f3 c6
5.d4 Bc8g4
6.h3 Bg4xf3
7.Qd1xf3 Ng8f6
8.a3 e6
9.Bf1d3 Nb8d7
10.b4 Qa5c7
11.O-O Bf8d6
12.Rf1e1 O-O
{ time. }
1-0

[Event "Match"]
[Site "www.echecsemail.com"]
[Date "2016.10.15"]
[Round "1"]
[White "Chapi"]
[Black "Genius2"]
[WhiteElo "2130"]
[BlackElo "1720"]
[Result "1-0"]
[Round "1"]
1.d4 d5
2.c4 dxc4
3.Nb1c3 e6
4.e4 a6
5.Bf1xc4 Ng8f6
6.Bc1g5 Bf8e7
7.Ng1f3 O-O
8.O-O b5
9.Bc4b3 Bc8b7
10.Rf1e1 Nb8d7
11.Ra1c1 c5
12.dxc5 Nd7xc5
13.Qd1xd8 Rf8xd8
{ time. }
1-0

[Event "Match"]
[Site "www.echecsemail.com"]
[Date "2016.10.15"]
[Round "1"]
[White "Raulazo"]
[Black "Cal"]
[WhiteElo "1910"]
[BlackElo "1700"]
[Result "1-0"]
[Round "1"]
1.Ng1f3 d5
2.d4 c6
3.Bc1f4 h6
4.Bf4xb8 Ng8f6
5.Bb8e5 e6
6.g3 Bf8e7
7.Bf1g2 b5
8.O-O O-O
9.Be5xf6 Be7xf6
10.c3 Bc8b7
11.Nb1d2 a5
12.Rf1e1 a4
13.e4 c5
14.e5 Bf6e7
15.Nd2b1 c4
16.Nb1d2 f6
17.Bg2h3 f5
18.a3 Qd8e8
19.Nd2f1 Qe8g6
20.Kh1 f4
21.g4 h5
22.Nf1d2 hxg4
23.Re1g1 Kf7
24.Rg1xg4 Qg6h5
25.Rg4xf4 Ke8
26.Bh3g4 Qh5h6
27.Rf4xf8 Kxf8
28.Nd2f1 Ke8
29.Nf3g1 Kd7
30.Ng1f3 Ra8h8
31.Qd1e2 Qh6f4
32.h3 Qf4xg4
33.Nf1h2 Rh8xh3
34.Ra1g1 Qg4f4
35.Kg2 Rh3h6
36.Rg1h1 Rh6g6
37.Kf1 Qf4c1
38.Nf3e1 Qc1h6
39.Ne1g2 Qh6h3
40.f4 Be7h4
41.f5 exf5
42.e6 Ke7
43.Kg1 Rg6xe6
44.Qe2d1 Qh3g3
45.Nh2f1 Qg3f2
46.Kh2 Bh4g3
47.Nf1xg3 Qf2xb2
48.Ng3xf5 Kf6
49.Rh1f1 Kg5
50.Rf1f4 Qb2xc3
51.Qd1g4 Kf6
52.Qg4xg7 { resign }
1-0

[Event "Match"]
[Site "www.echecsemail.com"]
[Date "2016.10.15"]
[Round "1"]
[White "Genius5"]
[Black "Canario"]
[WhiteElo "1620"]
[BlackElo "1800"]
[Result "0-1"]
[Round "1"]
1.Ng1f3 Nb8c6
2.c4 Ng8f6
3.d4 e6
4.Nb1c3 Bf8b4
5.Bc1d2 Bb4xc3
6.Bd2xc3 d5
7.e3 Bc8d7
8.c5 Nf6e4
9.Ra1c1 a6
10.Bf1d3 Qd8f6
11.O-O O-O
12.a3 Nc6e7
13.Nf3e5 Bd7b5
14.Bd3xb5 { time. }
0-1

[Event "Match"]
[Site "www.echecsemail.com"]
[Date "2016.10.15"]
[Round "1"]
[White "Billyg"]
[Black "Genius5"]
[WhiteElo "1670"]
[BlackElo "1620"]
[Result "1-0"]
[Round "1"]
1.e4 e5
2.Ng1f3 Nb8c6
3.d4 exd4
4.Nf3xd4 Bf8c5
5.Nd4xc6 Qd8f6
6.Bc1e3 Bc5xe3
7.fxe3 dxc6
8.Bf1d3 Ng8e7
9.c3 Qf6g6
10.Qd1e2 Bc8g4
11.Qe2d2 O-O-O
12.h3 Bg4e6
13.Qd2e2 f5
14.e5 Qg6g3
15.Qe2f2 Qg3xf2
{ time. }
1-0

[Event "Match"]
[Site "www.echecsemail.com"]
[Date "2016.10.15"]
[Round "1"]
[White "Genius5"]
[Black "Stevep84"]
[WhiteElo "1620"]
[BlackElo "2220"]
[Result "0-1"]
[Round "1"]
1.e4 e5
2.Nb1c3 Nb8c6
3.Ng1f3 Ng8f6
4.Bf1b5 Nc6d4
5.Bb5e2 Nd4xe2
6.Qd1xe2 d6
7.d3 Bc8e6
8.O-O Qd8d7
9.d4 exd4
10.Nf3xd4 O-O-O
11.Nd4xe6 Qd7xe6
12.Bc1g5 h6
13.Bg5xf6 { time. }
0-1

[Event "Eq:Latinoamerica-Los Tercios : "]
[Site "www.chess-mail.com"]
[Date "2016.10.15"]
[Round "1"]
[White "Stevefillion"]
[Black "Pimpampum"]
[WhiteElo "2350"]
[BlackElo "2190"]
[Result "1-0"]
[Round "1"]
1.e4 e5
2.Ng1f3 Nb8c6
3.Bf1b5 Ng8f6
4.Qd1e2 Bf8c5
5.c3 O-O
6.d3 d5
7.Bc1g5 dxe4
8.dxe4 Bc8d7
9.Nb1d2 Qd8e7
10.O-O Ra8d8
11.b4 Bc5d6
12.Nd2c4 h6
13.Nc4xd6 Qe7xd6
14.Ra1d1 Qd6e6
15.Bb5c4 Qe6e7
16.Bg5c1 a6
17.Nf3h4 Bd7g4
18.f3 Bg4c8
19.Nh4g6 { resign }
1-0

[Event "Fast Game"]
[Site "www.echecsemail.com"]
[Date "2016.10.15"]
[Round "1"]
[White "Hennie4820"]
[Black "Cal"]
[WhiteElo "1710"]
[BlackElo "1620"]
[Result "1-0"]
[Round "1"]
1.e4 e5
2.Ng1f3 d6
3.Bf1c4 Bc8g4
4.d4 exd4
5.Qd1xd4 Bg4xf3
6.gxf3 Nb8c6
7.Qd4d5 Qd8f6
8.f4 Ng8e7
9.Qd5d3 a6
10.Nb1c3 Ne7g6
11.Qd3g3 Nc6d4
12.Bc4d3 h6
13.Bc1d2 Bf8e7
14.O-O-O Ng6xf4
15.Bd2xf4 O-O-O
16.Rh1g1 g5
17.Bf4e3 c6
18.f4 gxf4
19.Be3xf4 b5
20.Rg1f1 b4
21.Nc3e2 Nd4xe2
22.Bd3xe2 Kb7
23.Bf4xd6 Qf6g5
24.Qg3xg5 Be7xg5
25.Kb1 f6
26.Bd6xb4 Rd8e8
27.Be2f3 Re8e5
28.Rd1d7 Kb6
29.a4 h5
30.a5 Kb5
31.Rd7b7 Kc4
32.Rf1d1 Re5b5
33.Rb7xb5 axb5
34.c3 Bg5f4
35.Rd1d4 Kb3
36.Bf3d1 
1-0

[Event "Fast Game"]
[Site "www.echecsemail.com"]
[Date "2016.10.15"]
[Round "1"]
[White "Egdiogel"]
[Black "Krazy4chess"]
[WhiteElo "1950"]
[BlackElo "1929"]
[Result "1-0"]
[Round "1"]
1.e4 c5
2.Ng1f3 d6
3.d4 cxd4
4.Nf3xd4 Ng8f6
5.Nb1c3 e6
6.f4 Bf8e7
7.Bf1d3 O-O
8.Qd1f3 e5
9.Nd4e2 Nb8c6
10.Bc1e3 Nc6b4
11.f5 a6
12.g4 h6
13.a3 Nb4xd3
14.cxd3 b5
15.g5 hxg5
16.Be3xg5 Nf6h7
17.Bg5xe7 Qd8xe7
18.h4 Bc8b7
19.Qf3g4 f6
20.Ne2g3 Rf8f7
21.Rh1g1 Kf8
22.Qg4g6 Kg8
23.Ng3h5 Ra8a7
24.Rg1g3 Bb7c6
25.Kf2 d5
26.Ra1g1 Qe7c5
27.Kg2 b4
28.axb4 Qc5xb4
29.Nc3xd5 Bc6xd5
30.exd5 Qb4xb2
31.Kh3 Qb2b6
32.Qg6h6 Qb6c7
33.Rg3g6 Kh8
34.Rg6xg7 { resign }
1-0

[Event "Tourn. n8968"]
[Site "www.chess-mail.com"]
[Date "2016.10.16"]
[Round "1"]
[White "Julian"]
[Black "B0zata"]
[WhiteElo "2010"]
[BlackElo "2280"]
[Result "1-0"]
[Round "1"]
1.e4 e5
2.f4 exf4
3.Ng1f3 Nb8c6
4.d4 d5
5.e5 Bc8g4
6.Bf1e2 Bg4xf3
7.Be2xf3 Qd8h4
8.Kf1 O-O-O
9.Nb1c3 b6
10.Nc3xd5 Nc6xd4
11.Qd1xd4 Bf8c5
12.Qd4d2 Ng8e7
13.Nd5xe7 Qh4xe7
14.Qd2xf4 Rd8d4
15.Qf4f5 Kb8
16.Bc1e3 Rd4c4
17.Be3xc5 Rc4xc5
18.Qf5e4 c6
19.Ra1e1 g6
20.h4 h5
21.Rh1h3 Rh8d8
22.g4 hxg4
23.Bf3xg4 Rd8d5
24.c3 Rd5xe5
25.Qe4f4 Kb7
26.Rh3e3 Re5xe3
27.Re1xe3 Qe7xh4
28.Bg4c8 Kxc8
29.Qf4xh4 Rc5f5
30.Ke2 { resign }
1-0